| 000 | 00422nam a2200157Ia 4500 | ||
|---|---|---|---|
| 008 | 210210b1973 xxu||||| |||| 00| 0 eng d | ||
| 020 | _a0 7042 0017 1 | ||
| 082 | _a621.38137 CLIT | ||
| 100 | _aCLIFFORD (Martin). | ||
| 245 | _aTest instruments for electronics. | ||
| 260 |
_aEngland _bFoulsham Tab Ltd _c1973 |
||
| 300 | _aviii,191 | ||
| 650 | _aTest instruments electronics | ||
| 690 | _aElectronics | ||
| 906 | _a036157 | ||
| 999 |
_c86911 _d86911 |
||